| Tag |
First Indicator |
Second Indicator |
Subfields |
| LEADER |
00000cam a2200000 a 4500 |
| 001 |
in00001715821 |
| 005 |
20151024183311.0 |
| 008 |
021125s2002 njua b 001 0 eng c |
| 020 |
|
|
|a 9812380809
|
| 035 |
|
|
|a (OCoLC)ocm51062968
|
| 040 |
|
|
|a ZCU
|c ZCU
|d TXA
|d UtOrBLW
|
| 042 |
|
|
|a pcc
|
| 049 |
|
|
|a TXAM
|
| 050 |
|
4 |
|a Q172.5.S95
|b J319 2002
|
| 100 |
1 |
|
|a Jablan, Slavik V.
|
| 245 |
1 |
0 |
|a Symmetry, ornament and modularity /
|c Slavik Vlado Jablan.
|
| 264 |
|
1 |
|a [River Edge] New Jersey :
|b World Scientific,
|c [2002]
|
| 264 |
|
4 |
|c ©2002
|
| 300 |
|
|
|a x, 329 pages :
|b illustrations ;
|c 24 cm.
|
| 336 |
|
|
|a text
|b txt
|2 rdacontent
|
| 337 |
|
|
|a unmediated
|b n
|2 rdamedia
|
| 338 |
|
|
|a volume
|b nc
|2 rdacarrier
|
| 490 |
1 |
|
|a K & E series on knots and everything ;
|v v. 30
|
| 504 |
|
|
|a Includes bibliographical references (pages 303-324) and index.
|
| 650 |
|
0 |
|a Symmetry.
|
| 650 |
|
0 |
|a Symmetry (Art)
|
| 650 |
|
0 |
|a Decoration and ornamentation.
|
| 830 |
|
0 |
|a K & E series on knots and everything ;
|v v. 30.
|
| 948 |
|
|
|a cataloged
|b h
|c 2002/12/5
|e cmulkey
|f 8:14:03
|
| 994 |
|
|
|a E0
|b TXA
|
| 999 |
|
|
|a MARS
|
| 999 |
f |
f |
|s 97e6cb60-1cf2-3191-9cf8-c5349bdadad8
|i e032e0f7-97ce-3bec-b93f-8f9fb5a15a81
|t 0
|
| 952 |
f |
f |
|p normal
|a Texas A&M University
|b College Station
|c Sterling C. Evans Library
|d Evans: Library Stacks
|t 0
|e Q172.5.S95 J319 2002
|h Library of Congress classification
|i unmediated -- volume
|m A14829569272
|
| 998 |
f |
f |
|a Q172.5.S95 J319 2002
|t 0
|l Evans: Library Stacks
|